000 00308nam a22000977a 4500
005 20250901165306.0
008 210305b ||||| |||| 00| 0 eng d
050 _aLC4091
245 _a Parents, getting a Head Start against drugs
_btrainer's guide
_cCARTER, SYLVIA
942 _2lcc
_hWM34 .C37 1993
999 _c1662
_d1662